Slovensko ďalej v hre V Berlíne sa včera skončila prvá časť svetovej kvalifikácie vo vodnom póle o postup na OH '96 v Atlante

Bibliographic Details
Main Author: Ježík, Ján (Author)
Format: Article
Language:Slovak
Subjects:

MARC

LEADER 00000nab a2200000 a 4500
001 vtls000573381
003 SK-MaSNL
005 20260303202848.0
008 150501c1996 xo 0 slo
015 |a SNBRB19rr/mm-uuuuu 
035 |a CL0573519 
040 |a SNKBUCL  |b slo  |c SNKBUCL  |e AACR2 
041 0 |a slo 
044 |a xo  |c SK 
080 |a 797.25.093.1  |2 1981 
100 1 |a Ježík, Ján  |4 aut  |9 329107 
245 1 0 |a Slovensko ďalej v hre  |b V Berlíne sa včera skončila prvá časť svetovej kvalifikácie vo vodnom póle o postup na OH '96 v Atlante  |c Ján Ježík 
650 0 7 |a vodné pólo  |2 snkbucl  |9 3219 
655 7 |a články z novín a časopisov  |2 snkbucl  |9 267496 
773 0 |t Šport  |g Roč. 50, č. 36 (13. 2. 1996), s. 4 
850 |a Slovenská národná knižnica v Martine  |a MTA001 
852 |a SNK  |b KIS3GCP 
958 |a RK 
958 |a DE 
992 |a RBX 
999 |c 2182321  |d 2184251